Edith Stein: una gran mujer de nuestro siglo

Salvato in:
Dettagli Bibliografici
Natura: Libro
Lingua:spagnolo
Pubblicazione: San Sebastián Dinor 1953
Serie:Prisma
Soggetti:
Tags: Aggiungi Tag
Nessun Tag, puoi essere il primo ad aggiungerne!!

MARC

LEADER 00000nam a2200000 a 4500
001 UCR1776
003 CL-VaPUC
008 971219e19530000sp |||||||||||||||||spa|d
082 0 4 |a 248.894  |b EDI  |2 21 
245 1 0 |a Edith Stein: una gran mujer de nuestro siglo 
300 |a 302 p 
942 |c BK 
945 |d 19971219 00:00:00  |a jquezada 
260 |a San Sebastián  |b Dinor  |c 1953 
600 0 |a Stein, Edith  |9 315970 
650 0 |a Vida cristiana  |9 258753 
650 0 |a Espiritualidad   |9 267331 
650 0 |a Órdenes religiosas  |9 257499 
650 0 |a Voluntad divina  |9 399246 
583 |a last modification  |c 20150504 03:56:16  |k Rodrigo Vera 
490 0 |a Prisma 
999 |c 265141  |d 265139 
952 |0 0  |1 0  |4 0  |6 248_894000000000000_EDI_1953  |7 0  |8 A  |9 295957  |a BIBTEO  |b BIBTEO  |d 2019-11-20  |i 3368440  |o 248.894 EDI 1953  |p 3368440  |r 2025-01-17  |w 2019-11-20  |y BK  |k ICR